Państwa Ameryki Południowej w kolejności alfabetycznej - Statystyki

Ogólne statystyki
  • Ten quiz został rozwiązany 36 razy
  • Średni wynik to 11 z 12
Odpowiedzi na mapie
Odpowiedzi zakodowano w zielono-czerwonej skali na mapie do tego quizu, zgodnie z poniższymi procentami.
 
Statystyki odpowiedzi
Państwo % Poprawnych
Argentyna
100%
Boliwia
97%
Brazylia
90%
Chile
90%
Ekwador
90%
Gujana
84%
Kolumbia
84%
Paragwaj
84%
Peru
84%
Surinam
84%
Urugwaj
84%
Wenezuela
84%
Nie znaleziono quizów pasujących do podanych kryteriów
Rozkład punktacji
Procent ludzi z każdym wynikiem
Percentyl według liczby udzielonych odpowiedzi
Twoja historia wyników
Nie rozwiązałeś tego quizu